[Event "Druzynowe Mistrzostwa Polski II Liga"]
[Site "Szklarska Poreba"]
[Date "1899-12-30"]
[Round "5.28"]
[White "Maciol, Ryszard"]
[Black "Grossmann, Ryszard"]
[Result "1-0"]
[WhiteTitle "k"]
[BlackTitle "FM"]
[WhiteElo "2134"]
[BlackElo "2070"]

1. d4 d5 2. c4 c6 3. cxd5 cxd5 4. Nc3 Nf6 5. Bf4 Nc6 6. e3 e6 7. Bd3 Bd7 8. Nf3
Rc8 9. O-O a6 10. e4 dxe4 11. Nxe4 Nb4 12. Bb1 Bc6 13. Re1 Nxe4 14. Bxe4 Bxe4
15. Rxe4 Be7 16. Be5 O-O 17. a3 Nd5 18. Qd2 Re8 19. Rae1 Qd7 20. h4 h5 21. Bg3
Qa4 22. R4e2 Qb3 23. Ne5 Bd8 24. Nf3 Bf6 25. Ng5 Rc6 26. Ne4 Be7 27. Nc5 Qb5 28.
a4 Qb6 29. Nd7 Qd8 30. Ne5 Rc8 31. Qd3 Bxh4 32. Qf3 Rc7 33. Bh2 Nf6 34. Qf4 Nd5
35. Qf3 Nf6 36. Qf4 Nd5 37. Qf3 g6 38. Nxg6 fxg6 39. Bxc7 Nxc7 40. Qxb7 Re7 41.
Qe4 Rg7 42. Rc1 Bf6 43. Rc4 Qd5 44. Qc2 Qb7 45. Re3 Kh7 46. Rf3 Nd5 47. b3 Qd7
48. Qe4 Bd8 49. Rh3 Kg8 50. Rg3 Kh7 51. Rh3 Kg8 52. Rg3 g5 53. b4 Bc7 54. Rb3
Qd6 55. g3 h4 56. b5 axb5 57. axb5 hxg3 58. fxg3 Qd7 59. Rc6 Kf7 60. Rf3+ Ke7
61. Kg2 Bd6 62. Rf5 Nb4 63. Rc1 g4 64. Re1 Kd8 65. Rh5 Nd5 66. Rh8+ Kc7 67. Rh6
Qxb5 68. Rxe6 Qb3 69. Rc1+ Kd7 70. Rxd6+ Kxd6 71. Qe5+ Kd7 72. Qxg7+ Kd6 73. Qe5+
Kd7 74. Qf5+ Kd6 75. Qg6+ Ke7 76. Re1+ Kd8 77. Qd6+ Kc8 78. Qc6+ 1-0

[Event "Druzynowe Mistrzostwa Polski II Liga"]
[Site "Szklarska Poreba"]
[Date "1899-12-30"]
[Round "5.29"]
[White "Helaszek, Edward"]
[Black "Czyz, Artur"]
[Result "1-0"]
[WhiteTitle "k"]
[BlackTitle "k"]
[WhiteElo "2006"]
[BlackElo "1907"]

1. e4 e6 2. d4 d5 3. e5 c5 4. c3 Nc6 5. Nf3 Bd7 6. a3 f6 7. Bd3 Qc7 8. exf6 Nxf6
9. O-O Bd6 10. dxc5 Bxc5 11. c4 O-O 12. Nc3 Rae8 13. b4 Be7 14. Qe2 a6 15. Bb2
d4 16. Ne4 e5 17. Nfd2 g6 18. Nxf6+ Bxf6 19. Ne4 Bg7 20. Bc1 Ne7 21. Bd2 Nf5 22.
a4 Kh8 23. a5 Nd6 24. Nxd6 Qxd6 25. Be4 Bc6 26. f3 Rd8 27. Qd3 Bxe4 28. Qxe4 Qc6
29. Qd3 Rc8 30. Rac1 Rf7 31. Rfe1 Rfc7 32. Re4 Qe6 33. c5 Qd5 34. Rce1 Rf8 35.
Rc1 h6 36. Rg4 g5 37. Re4 Kg8 38. Kf2 Rff7 39. h3 Rce7 40. Ke2 Re8 41. c6 bxc6
42. Qxa6 Qb5+ 43. Qxb5 cxb5 44. Rc5 Rb8 45. Kd3 Rd7 46. Re1 Kf7 47. Rc6 Ke7 48.
Rec1 Rd6 49. Rc7+ Rd7 50. R1c5 Kd8 51. R7c6 Ke7 52. Rg6 Kf7 53. Ra6 Rbb7 54. Rcc6
Ke7 55. Rc5 1-0

[Event "Druzynowe Mistrzostwa Polski II Liga"]
[Site "Szklarska Poreba"]
[Date "1899-12-30"]
[Round "5.30"]
[White "Ryng, Malgorzata"]
[Black "Korosciel, Aneta"]
[Result "1/2-1/2"]
[WhiteTitle "m"]
[BlackTitle "m"]
[WhiteElo "2045"]
[BlackElo "2017"]

1. e4 e5 2. Nf3 Nf6 3. Nxe5 d6 4. Nf3 Nxe4 5. Qe2 Qe7 6. d3 Nf6 7. Bg5 Qxe2+ 8.
Bxe2 Be7 9. Nc3 c6 10. O-O-O Na6 11. Rhe1 Nc7 12. Ne4 Nxe4 13. dxe4 Bxg5+ 14.
Nxg5 Ke7 15. f4 Ne6 16. Nxe6 fxe6 17. Bf3 e5 18. fxe5 dxe5 19. Rd2 Be6 20. Red1
Rhf8 21. b3 Rad8 22. Rxd8 Rxd8 23. Rxd8 Kxd8 24. Kd2 Ke7 25. Ke3 Kd6 26. c3 g6
27. h4 h6 28. g3 a6 29. Be2 b5 30. Bd3 Kc5 31. Be2 1/2-1/2

[Event "Druzynowe Mistrzostwa Polski II Liga"]
[Site "Szklarska Poreba"]
[Date "1899-12-30"]
[Round "5.31"]
[White "Kumala, Aleksander"]
[Black "Krzywda, Andrzej"]
[Result "1/2-1/2"]
[WhiteTitle "k"]
[BlackTitle "k"]
[WhiteElo "2215"]
[BlackElo "2186"]

1. Nf3 Nf6 2. c4 e6 3. Nc3 d5 4. e3 Be7 5. g4 c5 6. g5 Ne4 7. cxd5 Nxc3 8. dxc3
Qxd5 9. Bg2 Qxd1+ 10. Kxd1 Nc6 11. h4 h6 12. b3 e5 13. Ba3 Bg4 14. Kc1 Rc8 15.
Nd2 b5 16. Ne4 Nb4 17. Kb2 Nd3+ 18. Kc2 c4 19. Nd6+ Bxd6 20. Bxd6 Kd7 21. Ba3
Bf5 22. Kd2 a5 23. bxc4 bxc4 24. Rab1 Rb8 25. Bd5 Be6 26. Bxe6+ Kxe6 27. Ke2 hxg5
28. Rxb8 Rxb8 29. hxg5 Kf5 30. Rh7 Kg6 31. Rh4 Rc8 32. Be7 1/2-1/2

[Event "Druzynowe Mistrzostwa Polski II Liga"]
[Site "Szklarska Poreba"]
[Date "1899-12-30"]
[Round "5.32"]
[White "Zgadzaj, Rafal"]
[Black "Kasperek, Ryszard"]
[Result "1-0"]
[WhiteTitle "k"]
[BlackTitle "m"]
[WhiteElo "2099"]
[BlackElo "2133"]

1. c4 c5 2. Nc3 g6 3. g3 Bg7 4. Bg2 Nf6 5. Nf3 O-O 6. d4 d6 7. O-O Na6 8. d5 Nc7
9. e4 Rb8 10. a4 Bg4 11. h3 Bxf3 12. Qxf3 a6 13. a5 e6 14. Qd3 exd5 15. exd5 b5
16. axb6 Rxb6 17. f4 Nd7 18. g4 Qf6 19. Ne2 Rfb8 20. Qc2 Qh4 21. Ra2 Rb4 22. Rf3
Re8 23. Kf1 Rbb8 24. b3 g5 25. fxg5 Bd4 26. Qf5 Ne5 27. Rg3 Nxc4 28. Nxd4 Qxg3
29. Rf2 Re7 30. Nc6 Rbe8 31. Nxe7+ Rxe7 32. bxc4 Qb3 33. Qc2 Qb4 34. Bd2 Qa3 35.
Re2 1-0

[Event "Druzynowe Mistrzostwa Polski II Liga"]
[Site "Szklarska Poreba"]
[Date "1899-12-30"]
[Round "5.33"]
[White "Puczylowski, Marcin"]
[Black "Sztwiertnia, Jan Krzysztof"]
[Result "0-1"]
[WhiteTitle "k"]
[BlackTitle "k"]
[WhiteElo "2116"]
[BlackElo "2105"]

1. e4 e5 2. Nf3 Nc6 3. d4 exd4 4. Nxd4 g6 5. Nxc6 bxc6 6. Qd4 Qf6 7. e5 Qe6 8.
Bf4 Bg7 9. Bg3 Ne7 10. Bd3 Nf5 11. Bxf5 Qxf5 12. Qc5 Qe4+ 13. Qe3 Qxg2 14. Rf1
Ba6 15. Nd2 Bxf1 16. Nxf1 Qd5 17. Nd2 O-O 18. c4 Qa5 19. Kf1 Rfe8 20. Nb3 Qb4
21. Rc1 d6 22. f4 Bh6 23. Be1 Qb6 24. c5 Qb5+ 25. Kg2 dxe5 26. Rc2 0-1

[Event "Druzynowe Mistrzostwa Polski II Liga"]
[Site "Szklarska Poreba"]
[Date "1899-12-30"]
[Round "5.34"]
[White "Malecki, Rafal"]
[Black "Kanarkiewicz, Michal"]
[Result "0-1"]
[WhiteTitle "k+"]
[BlackTitle "k"]
[WhiteElo "2006"]
[BlackElo "2066"]

1. e4 c5 2. Nf3 d6 3. d4 cxd4 4. Nxd4 e5 5. Nb3 Be7 6. c4 Be6 7. Nc3 Nf6 8. f3
O-O 9. Be3 a5 10. a4 Na6 11. Qd2 b6 12. Be2 Nc5 13. Nxc5 bxc5 14. O-O h6 15. Rfd1
Qb6 16. Nb5 Rfd8 17. b3 Ne8 18. Bd3 Nc7 19. Qf2 Bd7 20. Nxc7 Qxc7 21. Bc2 Rf8
22. Qg3 Kh7 23. Rd2 Bf6 24. Rad1 Ra6 25. f4 Be6 26. Rf1 Qe7 27. Kh1 Rb6 28. Rdf2
Bh4 29. Qf3 Bxf2 30. Rxf2 Bd7 31. Bd2 Ra6 32. f5 f6 33. h4 Be8 34. g4 Rh8 35.
Rh2 Kg8 36. Qf2 Ra7 37. Qe1 Qd8 38. Be3 Bc6 39. Kg2 Qe7 40. Kg3 Qb7 41. Bd2 Qc7
42. Be3 Kf7 43. Bd2 Ke7 44. Qh1 Raa8 45. Qe1 Qd8 46. Qf2 Be8 47. Rh1 Bc6 48. Rd1
Qb6 49. Qe3 Rab8 50. Qe1 Ra8 51. Qe3 Rhb8 52. Qd3 Qc7 53. Rh1 Rd8 54. Rh2 Kf7
55. Kh3 Ke7 56. Rg2 Rh8 57. Kh2 Be8 58. Rf2 Bf7 59. Kg1 Raf8 60. Qe3 Kd7 61. Qe1
Ra8 62. Rg2 Kc6 63. Be3 Kb7 64. Bd2 Ka6 65. Kh1 g6 66. fxg6 Bxg6 67. Rf2 Raf8
68. Qf1 Qe7 69. h5 Be8 70. Qh3 Bc6 71. Kh2 Qd7 72. Rf5 Qd8 73. Rf2 Qc8 74. Rg2
Rfg8 75. Qf3 Rf8 76. Qd3 Qd8 77. Be1 Rhg8 78. Bd1 f5 79. gxf5 Rxg2+ 80. Kxg2 Rxf5
81. Bf3 Qg5+ 82. Kf1 Rf6 83. Ke2 Qc1 84. Bd2 Qb2 85. Bg4 Qd4 86. Bc8+ Kb6 87.
Bf5 Qxd3+ 88. Kxd3 Be8 89. Bg4 Bc6 90. Bf5 Be8 91. Bg4 Bf7 92. Ke2 Be6 93. Bf3
Bh3 94. Be1 Bf1+ 95. Ke3 Bd3 96. Bh4 Rf7 97. Bd8+ Ka6 98. Bd1 Bb1 99. Bg4 Bc2
100. Bc8+ Ka7 101. Be6 Rf8 102. Bxa5 Bxb3 103. Bc7 Rf6 104. Bf5 Bxa4 105. Bd8
Rf7 106. Be6 Rb7 107. Bd5 Rd7 108. Ba5 Bd1 109. Bc6 Rg7 110. Be8 Bb3 111. Bd2
Bxc4 112. Kf3 Rh7 113. Bg6 Rh8 114. Be1 Bf7 115. Kg4 Be6+ 116. Kf3 Kb6 117. Bh4
c4 118. Ke3 Kc5 119. Bf6 Rg8 120. Kd2 Kd4 121. Bh4 c3+ 122. Kc2 Ra8 123. Bf2+
Kc4 124. Be3 Ra2+ 125. Kd1 Kd3 126. Bxh6 Ra1+ 127. Bc1 c2+ 0-1

[Event "Druzynowe Mistrzostwa Polski II Liga"]
[Site "Szklarska Poreba"]
[Date "1899-12-30"]
[Round "5.35"]
[White "Zurkowski, Andrzej"]
[Black "Szajda, Marcin"]
[Result "1/2-1/2"]
[WhiteTitle "k+"]
[BlackTitle "I++"]
[WhiteElo "2048"]
[BlackElo "2016"]

1. d4 Nf6 2. c4 g6 3. Nc3 Bg7 4. e4 d6 5. f3 O-O 6. Be3 Nc6 7. Nge2 a6 8. Qd2 Rb8
9. g4 b5 10. Ng3 e5 11. d5 Nd4 12. Kf2 h5 13. gxh5 Nxh5 14. Nxh5 gxh5 15. Bg5
Bf6 16. Rg1 Kh7 17. Be2 Bd7 18. cxb5 axb5 19. Bxf6 Qxf6 20. Qg5 Qxg5 21. Rxg5
Rg8 22. Rxh5+ Kg6 23. f4 exf4 24. Rg1+ Kf6 25. e5+ Ke7 26. exd6+ cxd6 27. Re1
Nc2 28. Rc1 Ne3 29. Bf3 Rh8 30. Rxh8 Rxh8 31. Rh1 Kf6 32. h4 Ke5 33. a3 f5 34.
Na2 Kd4 35. Nb4 Kc4 36. Ke2 Kb3 37. Nd3 Nc4 38. Nxf4 Kxb2 39. h5 Rh6 40. Nd3+
Kxa3 41. Ra1+ Kb3 42. Ra7 Be8 43. Rb7 Kc3 44. Rb8 Bxh5 45. Bxh5 Rxh5 46. Rxb5
Rh4 47. Nb4 Re4+ 48. Kf2 Na3 49. Na2+ Kc4 50. Rb4+ Kc5 51. Rxe4 fxe4 52. Ke3 Kxd5
53. Nc3+ Ke5 54. Nxe4 d5 55. Ng5 Nc2+ 56. Kd3 Ne1+ 57. Ke2 Ng2 58. Nf3+ Ke4 59.
Nd2+ Kd4 60. Nf3+ Kc3 61. Kf2 Nf4 62. Ke3 Ne6 63. Kf2 Kd3 64. Ne5+ Ke4 65. Nc6
Nf4 66. Ke1 Ke3 67. Kd1 Ne6 68. Nb4 d4 69. Nc2+ 1/2-1/2

[Event "Druzynowe Mistrzostwa Polski II Liga"]
[Site "Szklarska Poreba"]
[Date "1899-12-30"]
[Round "5.36"]
[White "Chmiel, Dominika"]
[Black "Murawko, Katarzyna"]
[Result "0-1"]
[WhiteTitle "m"]
[BlackTitle "k"]
[WhiteElo "2123"]
[BlackElo "1988"]

1. e4 c5 2. Nf3 a6 3. c3 e6 4. d4 d5 5. exd5 Qxd5 6. Be2 Nf6 7. O-O Be7 8. Be3
cxd4 9. cxd4 O-O 10. Nc3 Qd8 11. Qb3 b5 12. Ne5 Bb7 13. Rac1 Nbd7 14. a4 b4 15.
Na2 Nxe5 16. dxe5 Nd5 17. Rfd1 Rc8 18. Bd2 Rxc1 19. Nxc1 Qc7 20. Qg3 f5 21. exf6
Qxg3 22. hxg3 Bxf6 23. Nd3 a5 24. Bg4 Bc8 25. Rc1 Ne7 26. Be3 e5 27. Bxc8 Rxc8
28. Rxc8+ Nxc8 29. b3 Kf7 30. Nc5 Bd8 31. Kf1 Bb6 32. Ke2 Bxc5 33. Bxc5 Ke6 34.
Bf8 Kf7 35. Bc5 Ke6 36. Ke3 Kd5 37. Bf8 g6 38. f3 Na7 39. f4 Nc6 40. Bg7 Nd4 41.
Bxe5 Nxb3 42. Bc7 h5 43. Kd3 Nc5+ 44. Kc2 Nb7 45. Be5 Kc4 46. Bf6 b3+ 47. Kb2
Nc5 48. Ka3 Nd3 0-1

[Event "Druzynowe Mistrzostwa Polski II Liga"]
[Site "Szklarska Poreba"]
[Date "1899-12-30"]
[Round "5.37"]
[White "Lewtak, Damian"]
[Black "Janaszak, Dawid"]
[Result "1/2-1/2"]
[WhiteTitle "m"]
[BlackTitle "FM"]
[WhiteElo "2331"]
[BlackElo "2382"]

1. d4 Nf6 2. Bg5 d5 3. c4 c5 4. Nc3 cxd4 5. Bxf6 gxf6 6. Qxd4 dxc4 7. Qxc4 Nc6
8. Rd1 Qa5 9. e4 Bg7 10. Nf3 O-O 11. Qb5 Rd8 12. Rxd8+ Qxd8 13. Bc4 e6 14. O-O
a6 15. Qc5 Qa5 16. Qd6 Qb4 17. Qxb4 Nxb4 18. Rd1 b5 19. Be2 Nc6 20. Kf1 Kf8 21.
Nd2 Nd4 22. Nc4 Nxe2 23. Na5 Ke8 24. Kxe2 Bd7 25. a3 Rb8 26. Kd3 b4 27. axb4 Rxb4
28. Kc2 Bf8 29. f3 Be7 30. b3 Rb8 31. Nc4 Bb4 32. Na2 Bc5 33. Nc1 Ke7 34. Nd3
Ba7 35. Kc3 Bb5 36. Ra1 Rd8 37. Ra2 Bd4+ 38. Kd2 1/2-1/2

[Event "Druzynowe Mistrzostwa Polski II Liga"]
[Site "Szklarska Poreba"]
[Date "1899-12-30"]
[Round "5.38"]
[White "Dudzinski, Piotr"]
[Black "Reza, Wojciech"]
[Result "1/2-1/2"]
[WhiteTitle "FM"]
[BlackTitle "k++"]
[WhiteElo "2341"]
[BlackElo "2277"]

1. e4 c5 2. Nf3 Nc6 3. Bb5 d6 4. O-O Bd7 5. d4 cxd4 6. Nxd4 Nf6 7. Nxc6 bxc6 8.
Bd3 g6 9. b3 Bg7 10. Bb2 O-O 11. c4 Nh5 12. Bxg7 Kxg7 13. Re1 e5 14. Nc3 Nf4 15.
Bf1 Qe7 16. c5 dxc5 17. Na4 Rfd8 18. Qc1 Ne6 19. Qc3 Nd4 20. Nxc5 Be6 21. Rac1
Rd6 22. Qg3 f6 23. f4 Bf7 24. fxe5 fxe5 25. Nd3 Re8 26. Rc5 Nf3+ 27. gxf3 Rxd3
28. Qxe5+ Qxe5 29. Rxe5 Rxf3 30. Rc5 Bd5 31. Ra5 Re7 32. Bg2 Rc3 33. Rf1 Bf7 34.
Rf3 Rc2 35. Rf2 Rc1+ 36. Rf1 Rc2 37. Rf2 Rc1+ 1/2-1/2

[Event "Druzynowe Mistrzostwa Polski II Liga"]
[Site "Szklarska Poreba"]
[Date "1899-12-30"]
[Round "5.40"]
[White "Wlodarczyk, Oskar"]
[Black "Renkowski, Piotr"]
[Result "1/2-1/2"]
[WhiteTitle "FM"]
[BlackTitle "k"]
[WhiteElo "2281"]
[BlackElo "2102"]

1. Nf3 d5 2. b3 Nf6 3. Bb2 e6 4. c4 c5 5. cxd5 exd5 6. g3 Nc6 7. Bg2 Bf5 8. O-O
Be7 9. d4 O-O 10. Nc3 Ne4 11. dxc5 Nxc3 12. Bxc3 Bxc5 13. Nd4 Be4 14. Rc1 Bxd4
15. Bxd4 Bxg2 16. Kxg2 Re8 17. e3 Qe7 18. Bb2 Rad8 19. Qf3 d4 20. exd4 Nxd4 21.
Bxd4 Rxd4 22. Rfd1 Rxd1 23. Rxd1 g6 24. h4 h5 25. Rd4 b6 26. Qc6 Rd8 27. Re4 Qd7
28. Qf6 Qd5 29. Qf3 Kg7 30. Re7 a5 1/2-1/2

[Event "Druzynowe Mistrzostwa Polski II Liga"]
[Site "Szklarska Poreba"]
[Date "1899-12-30"]
[Round "5.41"]
[White "Czerniawski, Marek"]
[Black "Chmielarz, Maciej"]
[Result "1/2-1/2"]
[WhiteTitle "k"]
[BlackTitle "I+"]
[WhiteElo "2035"]
[BlackElo "1950"]

1. c4 Nf6 2. Nc3 c6 3. g3 d5 4. Bg2 d4 5. Ne4 Nxe4 6. Bxe4 e5 7. Bg2 Be6 8. d3
Nd7 9. Nf3 f5 10. O-O Be7 11. b4 Bf6 12. Qd2 h6 13. e3 dxe3 14. Qxe3 Qb6 15. Rb1
Qxe3 16. Bxe3 O-O-O 17. Rfc1 Nb6 18. b5 Rxd3 19. bxc6 bxc6 20. Ne1 Ra3 21. Bxc6
Kc7 22. Bg2 Rb8 23. Nc2 Ra4 24. Rb4 Rxa2 25. c5 Nd7 26. Rxb8 Nxb8 27. Nb4 Ra4
28. Nd5+ Bxd5 29. Bxd5 f4 30. Bd2 Nc6 31. Bc3 fxg3 32. hxg3 Nd4 33. Kf1 Nb5 34.
Be1 Nd4 35. Rb1 Nc6 36. f3 Be7 37. Bf2 Nb4 38. Be4 a5 39. g4 Ra3 40. Bg3 Bf6 41.
Be1 Nc6 42. Rb6 Nd4 43. Kg2 Ra1 44. Bc3 Ra2+ 45. Kf1 Ra3 46. Be1 Nxf3 47. Rb7+
Kc8 48. c6 Nd4 49. Ra7 Ra1 50. Rxa5 Rxa5 51. Bxa5 Bd8 52. Bb4 Kc7 53. Ba5+ Kc8
54. Bb4 Kc7 55. Ba5+ Kc8 56. Bb4 Kc7 1/2-1/2

[Event "Druzynowe Mistrzostwa Polski II Liga"]
[Site "Szklarska Poreba"]
[Date "1899-12-30"]
[Round "5.42"]
[White "Czerwinska, Milena"]
[Black "Czaplewska, Klara"]
[Result "1-0"]
[WhiteTitle "WFM"]
[BlackTitle "k+"]
[WhiteElo "2013"]
[BlackElo "1880"]

1. e4 e5 2. Nf3 Nc6 3. d4 exd4 4. Nxd4 Bc5 5. Be3 Qf6 6. c3 Nge7 7. g3 d5 8. Bg2
dxe4 9. Nd2 Bxd4 10. cxd4 Nf5 11. Nxe4 Qe7 12. O-O Nxe3 13. fxe3 f5 14. Nf2 Bd7
15. Rc1 Qd6 16. Qb3 O-O-O 17. Nd3 b6 18. Qc4 Na5 19. Qc3 h5 20. b4 Nb7 21. Ne5
Rdf8 22. Ng6 Re8 23. Nxh8 Rxh8 24. Rf2 Nd8 25. Rfc2 c6 26. b5 1-0

[Event "Druzynowe Mistrzostwa Polski II Liga"]
[Site "Szklarska Poreba"]
[Date "1899-12-30"]
[Round "5.44"]
[White "Nowak, Mikolaj"]
[Black "Marszalek, Maciej"]
[Result "1/2-1/2"]
[WhiteTitle "I++"]
[BlackTitle "m"]
[WhiteElo "2088"]
[BlackElo "2299"]

1. d4 Nf6 2. c4 g6 3. g3 Bg7 4. Bg2 O-O 5. Nf3 d6 6. O-O c6 7. Nc3 Bf5 8. Ne1 e5
9. d5 cxd5 10. cxd5 Na6 11. e4 Bg4 12. f3 Qb6+ 13. Kh1 Bd7 14. Qe2 Rfc8 15. Be3
Qd8 16. Nc2 Nh5 17. Na3 f5 18. Bf2 fxe4 19. fxe4 Nf6 20. Nab5 Bg4 21. Qd2 Qd7
22. Nxa7 Rc4 23. Nab5 Nc5 24. Bxc5 Rxc5 25. a4 Qe7 26. b3 Bd7 27. Na3 Ng4 28.
Nc4 Bh6 29. Qe2 Ne3 30. Nxe3 Rxc3 31. Rf3 Rac8 32. Raf1 Qg5 33. h4 Qh5 34. Qf2
Rc1 35. Kh2 Rxf1 36. Qxf1 g5 37. Nf5 Bxf5 38. Rxf5 Rf8 39. Rxf8+ Bxf8 40. Qf5
Qg6 41. Qxg6+ hxg6 42. a5 gxh4 43. gxh4 Bh6 44. Bf1 Bd2 45. a6 bxa6 46. Bxa6 Be1
47. Kh3 Kf7 48. Kg4 Kf6 49. Bb5 Bd2 50. Be8 Be1 51. Kh3 Bd2 52. Kg2 1/2-1/2

[Event "Druzynowe Mistrzostwa Polski II Liga"]
[Site "Szklarska Poreba"]
[Date "1899-12-30"]
[Round "5.45"]
[White "Popiol, Michal"]
[Black "Kwiatkowski, Wiktor"]
[Result "1-0"]
[WhiteTitle "II+"]
[BlackTitle "I"]
[WhiteElo "2079"]
[BlackElo "1933"]

1. d4 Nf6 2. c4 e6 3. Nf3 b6 4. a3 Bb7 5. Nc3 d5 6. cxd5 Nxd5 7. e3 Be7 8. Bb5+
c6 9. Bd3 O-O 10. O-O Nd7 11. Qe2 c5 12. e4 Nc7 13. Rd1 cxd4 14. Nxd4 Bf6 15.
Be3 Ne5 16. Bc2 Ba6 17. Ndb5 Qc8 18. a4 Nxb5 19. axb5 Bb7 20. Ra4 Nd7 21. Rc4
Qe8 22. Rc7 Bc8 23. Ra1 Qe7 24. f4 Bxc3 25. bxc3 e5 26. Bxb6 exf4 27. Raxa7 Rxa7
28. Rxa7 Qg5 29. Bd4 Ne5 30. h4 Qf6 31. Qh5 Re8 32. Qg5 Qd6 33. Qxf4 f6 34. b6
Be6 35. Qg3 Bf7 36. Kh1 Qe6 37. b7 Nc6 38. Ra6 Qd7 39. Rxc6 1-0

[Event "Druzynowe Mistrzostwa Polski II Liga"]
[Site "Szklarska Poreba"]
[Date "1899-12-30"]
[Round "5.46"]
[White "Matlewski, Adam"]
[Black "Olesiak, Marcin"]
[Result "0-1"]
[WhiteTitle "I"]
[BlackTitle "I+"]
[WhiteElo "1825"]
[BlackElo "2076"]

1. d4 d5 2. c4 c6 3. Nf3 Nf6 4. g3 dxc4 5. Qc2 b5 6. a4 Bb7 7. b3 cxb3 8. Qxb3
Qd5 9. Qb2 a6 10. Bg2 e6 11. O-O Be7 12. Bd2 O-O 13. Ne5 Qd8 14. Rc1 Qb6 15. a5
Qa7 16. Bb4 c5 17. Bxc5 Bxc5 18. dxc5 Bxg2 19. Kxg2 Rc8 20. Nd2 Nc6 21. Nxc6 Rxc6
22. Nb3 Rac8 23. Qd4 Nd7 24. Rd1 R8c7 25. Qe4 Qb7 26. Rd6 g6 27. Rxc6 Qxc6 28.
Qxc6 Rxc6 29. Rd1 Ne5 30. Rd6 Kf8 31. Rxc6 Nxc6 32. Kf3 Ke7 33. h3 Kd7 34. Kf4
f6 35. Ke4 Nd8 36. Kd4 e5+ 37. Kd3 Kc6 38. e4 Ne6 39. Kc3 Nxc5 40. Nd2 Na4+ 41.
Kb3 Nc5+ 42. Kc3 Ne6 43. h4 Nd4 44. Kb4 Kd6 45. f3 h6 46. Ka3 Kc5 47. f4 Nc6 48.
fxe5 Nxe5 49. Nb3+ Kc4 50. Nd2+ Kc3 51. Nb3 Nd3 52. g4 Kc4 53. Ka2 Nc5 54. g5
hxg5 0-1

[Event "Druzynowe Mistrzostwa Polski II Liga"]
[Site "Szklarska Poreba"]
[Date "1899-12-30"]
[Round "5.47"]
[White "Dziodzio, Angelika"]
[Black "Leskiewicz, Ignacy"]
[Result "1-0"]
[WhiteTitle "WFM"]
[BlackTitle "I+"]
[WhiteElo "2108"]
[BlackElo "1770"]

1. e4 c5 2. Nf3 d6 3. d4 cxd4 4. Qxd4 Nc6 5. Bb5 Bd7 6. Bxc6 Bxc6 7. Nc3 Nf6 8.
Bg5 e6 9. O-O-O Be7 10. Rhe1 Qa5 11. Qd2 O-O 12. Nd4 Rfc8 13. Kb1 Qb6 14. f3 a5
15. Be3 Qa6 16. g4 b5 17. Nce2 Bb7 18. Ng3 d5 19. e5 Nd7 20. Bg5 Bb4 21. c3 Nb6
22. Bh6 Bf8 23. Qg5 Kh8 24. Nh5 gxh6 25. Qf6+ Kg8 26. g5 Nd7 27. Qf4 Be7 28. Nf6+
Bxf6 29. gxf6 Kf8 30. Rg1 Ke8 31. Rg8+ Nf8 32. Qxh6 Kd7 33. Qg7 Kc7 34. Qxf7+
Kb6 35. Nxe6 Nxe6 36. Qxe6+ Rc6 37. Qxd5 Rxg8 38. Qxg8 b4 39. Qd8+ Ka7 40. f7
bxc3 41. Qd4+ Rb6 42. Qxc3 Qe2 43. Qxa5+ Ra6 44. Qc5+ Rb6 45. Qa3+ Ra6 46. Qd3
Qxe5 47. f8=Q Ra4 48. Qdd6 Be4+ 49. fxe4 Qxe4+ 50. Ka1 1-0

[Event "Druzynowe Mistrzostwa Polski II Liga"]
[Site "Szklarska Poreba"]
[Date "1899-12-30"]
[Round "5.48"]
[White "Pastuszko, Kinga"]
[Black "Wesolowska, Hanna"]
[Result "1/2-1/2"]
[WhiteTitle "k+"]
[BlackTitle "WFM"]
[WhiteElo "1971"]
[BlackElo "1950"]

1. e4 e5 2. Nf3 Nc6 3. Bc4 Bc5 4. c3 Nf6 5. d4 exd4 6. e5 d5 7. Bb5 Ne4 8. cxd4
Bb4+ 9. Bd2 Bxd2+ 10. Nbxd2 Bd7 11. Bxc6 Bxc6 12. O-O O-O 13. Rc1 Qd7 14. Qc2
Rac8 15. Nb3 Bb5 16. Rfe1 b6 17. Nbd2 Nxd2 18. Qxd2 c5 19. Ng5 cxd4 20. Qxd4 h6
21. Nh3 Rxc1 22. Rxc1 Rc8 23. Rd1 Be2 24. Re1 Rc4 25. Qd2 Bg4 26. Nf4 d4 27. b3
Rc3 28. h3 Bf5 29. Rd1 Rc2 30. Qxd4 Qxd4 31. Rxd4 Rxa2 32. Nd5 Kh7 33. f4 Be6
34. b4 Re2 35. Kf1 Rb2 36. Ne7 b5 37. Nc6 a6 38. Kg1 g5 39. Nd8 gxf4 40. Rxf4
Bd5 41. Nxf7 Rxg2+ 42. Kf1 Rb2 43. Nd8 Bc4+ 44. Kg1 Re2 45. Nc6 Kg7 46. Nb8 Rxe5
1/2-1/2

[Event "Druzynowe Mistrzostwa Polski II Liga"]
[Site "Szklarska Poreba"]
[Date "1899-12-30"]
[Round "5.49"]
[White "Barglowski, Filip"]
[Black "Nowicki, Bartosz"]
[Result "1-0"]
[WhiteTitle "FM"]
[BlackTitle "k++"]
[WhiteElo "2310"]
[BlackElo "2261"]

1. e4 c5 2. Nf3 d6 3. d4 cxd4 4. Qxd4 a6 5. c4 Nc6 6. Qe3 g6 7. h3 Bg7 8. Nc3 Nf6
9. Be2 O-O 10. O-O Nd7 11. Rb1 a5 12. b3 Nc5 13. Ba3 f5 14. Rbd1 f4 15. Qc1 Bd7
16. e5 Nxe5 17. Nxe5 Bxe5 18. Bf3 Ne6 19. Bxb7 Rb8 20. Bd5 f3 21. Rfe1 Qc8 22.
Bb2 fxg2 23. Ne4 Bc6 24. Bxe5 dxe5 25. Qh6 Rf5 26. Ng5 Rxg5 27. Qxg5 Bxd5 28.
Qxe5 Bf3 29. Rd3 Ng5 30. Qxg5 Qxh3 31. Qd5+ Kg7 32. Qe5+ Kh6 33. Qh2 Qxh2+ 34.
Kxh2 Bc6 35. f3 1-0

[Event "Druzynowe Mistrzostwa Polski II Liga"]
[Site "Szklarska Poreba"]
[Date "1899-12-30"]
[Round "5.50"]
[White "Parol, Pawel"]
[Black "Winiarski, Mikolaj"]
[Result "0-1"]
[WhiteTitle "k"]
[BlackTitle "FM"]
[WhiteElo "2086"]
[BlackElo "2272"]

1. d4 Nf6 2. c4 e6 3. g3 d5 4. Nf3 Be7 5. Bg2 O-O 6. O-O c6 7. Nbd2 Nbd7 8. Qc2
b6 9. e4 dxe4 10. Nxe4 Bb7 11. Ne5 Rc8 12. Rd1 h6 13. Be3 Rc7 14. Rac1 Qa8 15.
Bf4 Nxe4 16. Bxe4 Nxe5 17. dxe5 c5 18. Bxb7 Qxb7 19. Rd2 Rd8 20. Rxd8+ Bxd8 21.
Rd1 Rd7 22. Rxd7 Qxd7 23. Qd2 Qc8 24. Be3 f6 25. exf6 Bxf6 26. b3 Qc6 27. Qd3
Bd4 28. Qg6 Bxe3 29. fxe3 Qd6 30. Qc2 Qe5 31. Qf2 Qe4 32. h3 a6 33. Qe2 Kf7 34.
Kh2 Ke7 35. h4 g5 36. hxg5 hxg5 37. g4 Kd6 38. Kg3 b5 39. Kf2 b4 40. Qd2+ Kc7
41. Kg3 a5 42. Qf2 a4 43. Qf7+ Kb6 44. Qf3 Qd3 45. e4 Qc3 46. Kf2 Qc2+ 47. Qe2
axb3 48. axb3 Qxb3 49. Qd2 Qxc4 50. Qd8+ Kc6 51. Qa8+ Kb5 52. Qe8+ Ka5 53. Qa8+
Qa6 54. Qd8+ Kb5 55. Qe8+ Kc4 56. Qd7 Qa2+ 57. Ke3 Qb3+ 58. Ke2 Qb2+ 59. Kf3 Qc3+
60. Ke2 Kb3 61. Kf1 Qf3+ 62. Kg1 Qxg4+ 63. Kf2 Qxe4 64. Kg3 Qe5+ 65. Kg4 Qd4+
0-1

[Event "Druzynowe Mistrzostwa Polski II Liga"]
[Site "Szklarska Poreba"]
[Date "1899-12-30"]
[Round "5.51"]
[White "Chylewski, Patryk"]
[Black "Suliborski, Jakub"]
[Result "1-0"]
[WhiteTitle "k++"]
[BlackTitle "I++"]
[WhiteElo "2255"]
[BlackElo "2090"]

1. d4 Nf6 2. c4 e5 3. dxe5 Ne4 4. a3 Nc6 5. Nf3 a5 6. Qc2 d5 7. e3 Be6 8. Nbd2
Nc5 9. cxd5 Bxd5 10. Bb5 g5 11. Nd4 Bxg2 12. Rg1 Bd5 13. e4 Bxe4 14. Nxe4 Qxd4
15. Nf6+ Kd8 16. Be3 Qxe5 17. O-O-O Kc8 18. Bxc6 bxc6 19. Bd4 Qf4+ 20. Kb1 Ne6
21. Qxc6 Rb8 22. Qd7+ Kb7 23. Bc3 Bg7 24. Qb5+ Kc8 25. Qa6+ Rb7 26. Nd5 Qe4+ 27.
Ka1 Nc5 28. Qa8+ Rb8 29. Qc6 1-0

[Event "Druzynowe Mistrzostwa Polski II Liga"]
[Site "Szklarska Poreba"]
[Date "1899-12-30"]
[Round "5.52"]
[White "Rykala, Monika"]
[Black "Rozycki, Bartlomiej"]
[Result "1/2-1/2"]
[WhiteTitle "I++"]
[BlackTitle "k++"]
[WhiteElo "1863"]
[BlackElo "2157"]

1. d4 Nf6 2. e3 e6 3. Bd3 b6 4. Nf3 Bb7 5. O-O Be7 6. c4 O-O 7. Nc3 d5 8. b3 c5
9. Bb2 Nc6 10. cxd5 Nxd5 11. Nxd5 Qxd5 12. dxc5 Rfd8 13. Bc4 Qxc5 14. Qe2 a6 15.
Rac1 Qh5 16. Nd4 Qg6 17. f4 Nxd4 18. Bxd4 b5 19. Bd3 Be4 20. Bxe4 Qxe4 21. Qg4
Bf8 22. Qf3 Qxf3 23. Rxf3 Rac8 24. Rff1 Ba3 25. Rxc8 Rxc8 26. Rf2 Kf8 27. Re2
f6 28. Kf2 Ke7 29. Kf3 Rc1 30. h3 Bd6 31. Bb2 Rb1 32. Rc2 a5 33. Ke4 Rd1 34. Bc3
a4 35. bxa4 bxa4 36. a3 Bxa3 1/2-1/2

[Event "Druzynowe Mistrzostwa Polski II Liga"]
[Site "Szklarska Poreba"]
[Date "1899-12-30"]
[Round "5.53"]
[White "Kokoszczynski, Jan"]
[Black "Major, Boguslaw"]
[Result "1-0"]
[WhiteTitle "k"]
[BlackTitle "I"]
[WhiteElo "2103"]
[BlackElo "1708"]

1. d4 Nf6 2. c4 e6 3. Nf3 Bb4+ 4. Nbd2 b6 5. a3 Bxd2+ 6. Qxd2 Bb7 7. e3 Ne4 8.
Qc2 f5 9. Bd3 O-O 10. b4 a5 11. b5 d6 12. Bb2 Nd7 13. O-O Rc8 14. Nd2 Ndf6 15.
f3 Nxd2 16. Qxd2 Qd7 17. Qc2 c6 18. a4 cxb5 19. axb5 Qc7 20. Ba3 Nd7 21. Rfc1
Rf6 22. Qa2 Qb8 23. Rc3 Rh6 24. Rac1 d5 25. f4 dxc4 26. Bxc4 Re8 27. d5 Nf6 28.
dxe6 Rg6 29. e7+ Kh8 30. Bf7 Rxg2+ 31. Qxg2 Bxg2 32. Bxe8 Bb7 33. Bc6 h5 34. Rd3
Kh7 35. Rd8 Qa7 36. Rd7 Qa8 37. Rd8 Qa7 38. Rd7 Qa8 39. Rxb7 Qg8 40. Bb2 Qa2 41.
Bxf6 Qd2 42. e8=Q Qxc1+ 43. Kg2 Qd2+ 44. Kh3 1-0